Statistics for Three Syllable Word Chain

Click here to take the quiz!

General Stats

  • This quiz has been taken 33 times
    (26 since last reset)
  • The average score is 9 of 17

Answer Stats

HintWord% Correct
The next day after todayTomorrow
92%
Mental state in Buddhism when a person is free from desire; Smells Like Teen SpiritNirvana
79%
The process of becoming less strong over timeWeakening
79%
Someone who gives large educative talks, often at a universityLecturer
75%
Act of destroying a buildingDemolish
67%
Code machine used by Nazi Germany in WW2, very hard to debunkEnigma
67%
Abbreviation made with the first letter of each wordAcronym
63%
Position in the military; term for widespreadGeneral
63%
Someone who actively goes against religious beliefsHeretic
46%
Patient, someone injured in an accidentCasualty
42%
A consistent message to tell you to do somethingReminder
42%
Going back to a place you've been to beforeReturning
42%
Being wealthy, having large amounts of moneyAffluent
38%
Female who sails a medium sized sailing boatYachtswoman
33%
Mental state of being truly aware of yourself and your surroundingsMindfulness
21%
To make something new againRecreate
13%
To isolate or hide away something; often used to describe the effects of trees on CO2 levelsSequester
13%

Score Distribution

Percentile by Number Answered

Percent of People with Each Score

Your Score History

You have not taken this quiz since the last reset